02019nam a22002177a 4500003001700000005001700017008004100034020001800075040000700093041001200100082001700112100002200129245005700151250000700208260002900215300002900244365006300273520141600336650002701752700002201779St Aloysius Coll20250710135627.0250710b |||||||| |||| 00| 0 eng d a9789364559515 cAL aEnglish a657.46bSINT aVinod K Singhania aTaxmann students guide to Income Tax and GST 2025-26 a73 aNew DelhibTaxmannc2025 axvii,1034pbPBc27x21cm. 2Generala1857b₹1596.00c₹d₹1995.00e20%f9/07/2025 aStudents' Guide to Income Tax & GST remains the benchmark reference for understanding—direct taxation under the Income-tax Act and indirect taxation under the Goods and Services Tax (GST) regime. Meticulously revised to reflect every Finance Act amendment, circular, notification and judicial pronouncement, this Edition preserves the text's hallmark clarity while incorporating a paired illustration–exercise pedagogy that enables readers to progress from statutory comprehension to confident computational proficiency. This book is intended for the following audience: Professional Programme Candidates – CA (Inter/IPCC), CS (Executive), CMA (Intermediate), CFA (India); Aligns precisely with ICAI, ICSI and ICMAI syllabi; includes fully solved past-exam questions (2019-2024 undergraduate & Postgraduate Scholars – B.Com., BBA, BMS, M.Com., MBA, LL.B; Converts dense legislation into step-wise reasoning, fostering conceptual clarity and application skills Academicians & Trainers – Offers ready-to-teach modules with numbered paragraphs, classroom-tested illustrations and recapitulations civil-service & Regulatory-body Aspirants – Provides an authoritative yet accessible treatment of taxation, a core component of many competitive examinations Finance Executives & Self-learners – Functions as a 'desk-ready' manual for day-to-day compliance, return preparation and strategic tax planning. 2AccountingaIncome Tax aSinghania, Monica